Countries BIA has Visited - Statistics

General Stats
  • This quiz has been taken 22 times
    4 since last reset
  • The average score is 11 of 12
Answer Stats
Continent Country % Correct
North America Canada
100%
Europe Denmark
100%
Europe Germany
100%
North America Mexico
100%
Europe Netherlands
100%
Europe Norway
100%
Europe Sweden
100%
Europe Switzerland
100%
Europe United Kingdom
100%
North America United States of America
100%
Europe Ireland
67%
Europe Portugal
33%
No matching quizzes found
Score Distribution
Percent of People with Each Score
Percentile by Number Answered
Your Score History
You have not taken this quiz since the last reset